000
00275nam a22001337a 4500
003
OSt
008
150215b xxu||||| |||| 00| 0 eng d
100
1
_a
Wellsted, W Raife
041
_a
eng
050
0
0
_a
86-8843
245
1
0
_a
The Stamp Atlas
260
_c
1987
300
_a
0 pages
999
_c
792
_d
792